Las finanzas solidarias en algunos países de América : ¿hacia un sistema y un ecosistema de economía social y solidaria? /
Guardat en:
| Autor principal: | |
|---|---|
| Altres autors: | , |
| Format: | Llibre |
| Idioma: | espanyol |
| Publicat: |
Puebla, México : México :
Universidad Iberoamericana Puebla ; Universidad Iberoamericana Ciudad de México,
2015, c2015
|
| Matèries: | |
| Etiquetes: |
Sense etiquetes, Sigues el primer a etiquetar aquest registre!
|
MARC
| LEADER | 00000nam^a2200000^a^4500 | ||
|---|---|---|---|
| 001 | 000359517 | ||
| 005 | 20250521000000.0 | ||
| 009 | 20260310115357.579 | ||
| 020 | |a 978-607-7901-60-0 | ||
| 037 | |a Acervo ITESO - Biblioteca | ||
| 041 | |a ESP | ||
| 082 | |a 332. 0980 |b OUL | ||
| 100 | |a Oulhaj, Leïla |e (coordinación) | ||
| 245 | 1 | 4 | |a Las finanzas solidarias en algunos países de América : |b ¿hacia un sistema y un ecosistema de economía social y solidaria? / |c Coord. e introd. de L. Oulhaj, B. Lévesque ; pról. de F. Fernández Font ; presen. de Jesús Campos Orozco. |
| 264 | 4 | |a Puebla, México : |b Universidad Iberoamericana Puebla ; |a México : |b Universidad Iberoamericana Ciudad de México, |c 2015, c2015 | |
| 300 | |a 268 p. | ||
| 336 | |a texto |b txt |2 rdacontenido | ||
| 337 | |a sin mediación |b n |2 rdamedio | ||
| 338 | |a volumen |b nc |2 rdasoporte | ||
| 521 | |a 2021 BO Licenciatura en Administración de Empresas y Emprendimiento | ||
| 649 | |a XX | ||
| 650 | |a Microcrédito - |z Latinoamérica - |x Tema Principal | ||
| 650 | |a Desarrollo Económico-Social - |z Latinoamérica | ||
| 650 | |a Finanzas - |x Aspectos Sociales y Culturales | ||
| 650 | |a Política Económica - |z Latinoamérica | ||
| 650 | |a Política Social - |z Latinoamérica | ||
| 650 | |a Economía Social - |z Latinoamérica - |x Tema Principal | ||
| 650 | |a Economía - |z Latinoamérica - |x Historia - |y Siglo XX | ||
| 650 | |a Economía - |z Latinoamérica - |x Historia - |y Siglo XXI | ||
| 650 | |a Sociología de la Economía | ||
| 700 | |a Lévesque, Benoît |e (coordinación e introducción) | ||
| 700 | |a Fernández Font, Fernando |e (prólogo) | ||
| 910 | |a Fondo General | ||
| 920 | |a Impresos - Libros | ||
| 930 | |a Colección General | ||
| 905 | |a 101 | ||
| 901 | |a 0500252444 |b IT1 |c ACC |i D72850 |u 20250521 | ||
| 901 | |a 0500384740 |b IT1 |c ACC |i D130247 |u 20250521 | ||
| 902 | |a https://opac.biblio.iteso.mx/vufind/Record/000359517 | ||